Southville International School and Colleges
Your cart is empty.
  • Cart
  • Lists
    Public lists Eva Luna New books Lux_list list_1
    Your lists Log in to create your own lists
  • Log in to your account
  • Your cookies
  • Search history
Southville International School and Colleges
  • Advanced search
  • Recent comments
  • Most popular
  • Libraries

Log in to your account

Log in with GOOGLE


If you do not have an external account, but do have a local account, you can still log in:

  1. Home
  2. MARC view: Games people play /
Normal view MARC view ISBD view

Games people play / (Record no. 288540)

[ view plain ]
MARC details
000 -LEADER
fixed length control field 00522nam a22002057a 4500
003 - CONTROL NUMBER IDENTIFIER
control field OSt
005 - DATE AND TIME OF LATEST TRANSACTION
control field 20150827144200.0
008 - FIXED-LENGTH DATA ELEMENTS--GENERAL INFORMATION
fixed length control field 130323t xxu||||| |||| 00| 0 eng d
020 ## - INTERNATIONAL STANDARD BOOK NUMBER
International Standard Book Number 60345294777
050 ## - LIBRARY OF CONGRESS CALL NUMBER
Classification number HM 291
Item number .B525 1964
082 ## - DEWEY DECIMAL CLASSIFICATION NUMBER
Classification number TR 158
Item number Be45 1964
100 ## - MAIN ENTRY--PERSONAL NAME
Personal name Berne, Eric.
245 ## - TITLE STATEMENT
Title Games people play /
Statement of responsibility, etc Eric Berne.
260 ## - PUBLICATION, DISTRIBUTION, ETC. (IMPRINT)
Place of publication, distribution, etc New York :
Name of publisher, distributor, etc Penguin Books,
Date of publication, distribution, etc 1964.
300 ## - PHYSICAL DESCRIPTION
Extent 167 pages ;
Dimensions 18 cm.
520 ## - SUMMARY, ETC.
Summary, etc 1. Transactional analysis
562 ## - COPY AND VERSION IDENTIFICATION NOTE
Number of copies 1
942 ## - ADDED ENTRY ELEMENTS (KOHA)
Source of classification or shelving scheme Library of Congress Classification
Koha item type Books
Holdings
Withdrawn status Lost status Source of classification or shelving scheme Damaged status Home library Current library Shelving location Date acquired Source of acquisition Total Checkouts Full call number Barcode Date last seen Price effective from Koha item type
    Library of Congress Classification   Archives Archives   08/27/2015 Donation   HM 291 .B525 1964 C19849 05/15/2018 08/27/2015 Books

Games people play /

APA

Berne E., . (1964). Games people play. New York: Penguin Books.

Chicago

Berne Eric, . 1964. Games people play. New York: Penguin Books.

Harvard

Berne E., . (1964). Games people play. New York: Penguin Books.

MLA

Berne Eric, . Games people play. New York: Penguin Books. 1964.

  • Place hold
  • Print
  • Cite
  • Add to your cart (remove)
  • Save record
    BIBTEX Dublin Core MARCXML MARC (non-Unicode/MARC-8) MARC (Unicode/UTF-8) MARC (Unicode/UTF-8, Standard) MODS (XML) RIS
  • More searches
    Search for this title in:
    Other Libraries (WorldCat) Other Databases (Google Scholar) Online Stores (Bookfinder.com) Open Library (openlibrary.org)

Exporting to Dublin Core...

SOUTHVILLE LIBRARY

Southville International School and Colleges Library

1281 Tropical Ave. Cor. Luxembourg St., BF Homes International, Las Pinas City

Tel. No. 8256374 / 252358 Loc. 117/146

Powered by Koha